[Event "Large KO, Standard Pace"]
[Site "SchemingMind.com"]
[Date "2009.10.04"]
[Round "-"]
[White "THart"]
[Black "Naoki_M"]
[Result "1-0"]
[WhiteCountry "USA"]
[BlackCountry "JPN"]
[WhiteElo "1770"]
[WhiteRD "73"]
[BlackElo "1776"]
[BlackRD "146"]
[GameID "222005"]

1. d4 d5 2. Nf3 Nf6 3. e3 e6 4. Bd3 c5 5. c3 Nc6 6. O-O Bd6 7. Nbd2 O-O 8. e4 dxe4 9. Nxe4 Nxe4 10. Bxe4 cxd4
11. cxd4 Nxd4 12. Qxd4 f6 13. Qc4 Be5 14. Nxe5 fxe5 15. Qc3 Qf6 16. Qh3 h6 17. Be3 Kf7 18. Qh5+ Ke7 19. Bc5+ Kd7 20. Bxf8
1-0

[Event "Large KO, Standard Pace"]
[Site "SchemingMind.com"]
[Date "2009.10.04"]
[Round "-"]
[White "Naoki_M"]
[Black "THart"]
[Result "1/2-1/2"]
[WhiteCountry "JPN"]
[BlackCountry "USA"]
[WhiteElo "1776"]
[WhiteRD "146"]
[BlackElo "1770"]
[BlackRD "73"]
[GameID "222009"]

1. e4 c6 2. d4 d5 3. Nc3 dxe4 4. Nxe4 Nd7 5. Bd3 Ndf6 6. Nf3 Nxe4 7. Bxe4 Nf6 8. Qd3 Bg4 9. Ne5 Nxe4 10. Qxe4 Be6
11. Be3 g6 12. c3 Bg7 13. O-O O-O 14. Rfd1 Qd5 15. Qxd5 Bxd5 16. b4 Bxe5 17. dxe5 e6 18. Bc5 Rfe8 19. Bd6 b5=
1/2-1/2

[Event "Large KO, Standard Pace"]
[Site "SchemingMind.com"]
[Date "2009.10.07"]
[Round "-"]
[White "calipo"]
[Black "maro"]
[Result "1-0"]
[WhiteCountry "ARG"]
[BlackCountry "MEX"]
[WhiteElo "2376"]
[WhiteRD "98"]
[BlackElo "1348"]
[BlackRD "47"]
[GameID "222372"]

1. e4 e5 2. Nf3 d6 3. d4 Be7 4. dxe5 dxe5 5. Qxd8+ Bxd8 6. Nxe5 Be6 7. Nc3 Nf6 8. Be3 O-O 9. f3 Be7 10. O-O-O b6
11. Nb5 Bd8 12. Rxd8 Rxd8 13. Nxc7 Bxa2 14. Nxa8 Na6 15. Bxa6
1-0

[Event "Large KO, Standard Pace"]
[Site "SchemingMind.com"]
[Date "2009.10.10"]
[Round "-"]
[White "lemmie"]
[Black "TONYTODD11"]
[Result "1-0"]
[WhiteCountry "NED"]
[BlackCountry "ENG"]
[WhiteElo "1621"]
[WhiteRD "53"]
[BlackElo "1515"]
[BlackRD "84"]
[GameID "222373"]

1. e4 c6 2. Nf3 d5 3. exd5 cxd5 4. d4 Nf6 5. Nc3 Bg4 6. Be2 Bh5 7. Ne5 g6 8. g4 Nxg4 9. Bxg4 e6 10. Bxh5 gxh5
11. Qxh5 Qc7 12. Bf4 Bd6 13. Nb5 Qa5+ 14. Nc3 Bxe5 15. Bxe5 Nc6 16. Bxh8 O-O-O 17. Bf6 Rd7 18. Qxh7 Kc7 19. O-O Nb4 20. Be5+ Kc6
21. Rfc1 f6 22. Qg8 Re7 23. Bxf6 Rd7 24. Qc8+ Kd6 25. Be5+ Ke7 26. Qg8 Rd8 27. Qg7+ Ke8 28. Bf6
1-0

[Event "Large KO, Standard Pace"]
[Site "SchemingMind.com"]
[Date "2009.10.07"]
[Round "-"]
[White "dirtyfecker"]
[Black "mmccaffe"]
[Result "1-0"]
[WhiteCountry "IRL"]
[BlackCountry "USA"]
[WhiteElo "1624"]
[WhiteRD "121"]
[BlackElo "1663"]
[BlackRD "60"]
[GameID "222374"]

1. e4 e5 2. Nf3 Nc6 3. d4 exd4 4. Bc4 Bc5 5. c3 dxc3 6. Bxf7+ Kxf7 7. Qd5+ Ke8 8. Qh5+ Kf8 9. Qxc5+ Qe7 10. Qxe7+ Kxe7
11. Nxc3 d6 12. Bf4 Nf6 13. O-O Bg4 14. Nd2 Nd4 15. f3 Be6 16. Rad1 Nc6 17. Rfe1 Rhf8 18. e5 dxe5 19. Bxe5 Nxe5 20. Rxe5 Kf7
21. Nb5 Rfd8 22. Nxc7 Rd6 23. Nxa8
1-0

[Event "Large KO, Standard Pace"]
[Site "SchemingMind.com"]
[Date "2009.10.07"]
[Round "-"]
[White "maro"]
[Black "calipo"]
[Result "0-1"]
[WhiteCountry "MEX"]
[BlackCountry "ARG"]
[WhiteElo "1348"]
[WhiteRD "47"]
[BlackElo "2376"]
[BlackRD "98"]
[GameID "222376"]

1. c4 Nf6 2. Nc3 e5 3. d4 exd4 4. Qxd4 Nc6 5. Qd3 Bc5 6. Be3 Ne5 7. Qc2 Bxe3 8. fxe3 Nxc4 9. e4 O-O 10. g3 Qe7
11. Bg2 Re8 12. O-O-O Ne3 13. Qd3 Nxg2 14. Nf3 Nxe4 15. Nxe4 Qxe4 16. Qxe4 Rxe4
0-1

[Event "Large KO, Standard Pace"]
[Site "SchemingMind.com"]
[Date "2009.10.10"]
[Round "-"]
[White "TONYTODD11"]
[Black "lemmie"]
[Result "1-0"]
[WhiteCountry "ENG"]
[BlackCountry "NED"]
[WhiteElo "1515"]
[WhiteRD "84"]
[BlackElo "1621"]
[BlackRD "53"]
[GameID "222377"]

1. e4 e5 2. f4 Nc6 3. f5 Nf6 4. Nc3 Bb4 5. Nd5 Nxe4 6. c3 Bd6 7. Qa4 Nc5 8. Qg4 Rg8 9. d4 exd4 10. f6 Ne6
11. Bd3 Ne5 12. Qh5 Nxd3+ 13. Kf1 Ndf4 14. Qxh7 Kf8 15. fxg7+ Rxg7 16. Qh8+ Rg8 17. Qh6+ Rg7 18. Nf6 Ng6 19. Nh5 b6 20. Nxg7 Nxg7
21. Bg5 Ba6+ 22. Kf2 Qe8 23. Re1 Qc8 24. Bf6 Be5 25. Qxg7+ Ke8 26. Qg8+ Nf8 27. Rxe5#
1-0

[Event "Large KO, Standard Pace"]
[Site "SchemingMind.com"]
[Date "2009.10.07"]
[Round "-"]
[White "mmccaffe"]
[Black "dirtyfecker"]
[Result "1-0"]
[WhiteCountry "USA"]
[BlackCountry "IRL"]
[WhiteElo "1663"]
[WhiteRD "60"]
[BlackElo "1624"]
[BlackRD "121"]
[GameID "222378"]

1. e4 e6 2. d4 d5 3. e5 c5 4. c3 Nc6 5. Nf3 Bd7 6. Be2 Nge7 7. g4 Qb6 8. h4 cxd4 9. cxd4 Rc8 10. Nc3 f6
11. g5 f5 12. Nb5 Ng8 13. Nc3 Nge7 14. Qd2 h6 15. b3 h5 16. Ba3 g6 17. Nb5 Ra8 18. Bc5 Qd8 19. Nd6#
1-0

[Event "Large KO, Standard Pace"]
[Site "SchemingMind.com"]
[Date "2009.10.08"]
[Round "-"]
[White "Gammon"]
[Black "Clive Everill"]
[Result "0-1"]
[WhiteCountry "USA"]
[BlackCountry "CZE"]
[WhiteElo "1401"]
[WhiteRD "48"]
[BlackElo "1659"]
[BlackRD "48"]
[GameID "222459"]

1. c4 e5 2. Nc3 Bb4 3. Nd5 a5 4. a3 Bc5 5. Nf3 e4 6. Ne5 d6 7. Ng4 Bxg4 8. g3 c6 9. Ne3 Be6 10. Bg2 f5
11. Qa4 Ne7 12. b4 Bb6 13. c5 dxc5 14. bxc5 Bxc5 15. Qc2 Bd4 16. Bb2 Bxb2 17. Qxb2 O-O 18. O-O b5 19. Rfd1 Nd5 20. Rac1 Nxe3
21. dxe3 Qe7 22. Rd2 Nd7 23. Rcd1 Nc5 24. Rd6 Bd5 25. R6xd5 cxd5 26. Rxd5 Rac8 27. Bh3 g6 28. g4 Qh4 29. Kg2 fxg4
0-1

[Event "Large KO, Standard Pace"]
[Site "SchemingMind.com"]
[Date "2009.10.08"]
[Round "-"]
[White "Clive Everill"]
[Black "Gammon"]
[Result "1-0"]
[WhiteCountry "CZE"]
[BlackCountry "USA"]
[WhiteElo "1659"]
[WhiteRD "48"]
[BlackElo "1401"]
[BlackRD "48"]
[GameID "222468"]

1. e4 d6 2. f4 Nf6 3. Nc3 c5 4. Nf3 a6 5. a4 g6 6. Bc4 Bh6 7. d4 O-O 8. O-O Nc6 9. d5 Nb8 10. e5 dxe5
11. fxe5 Bxc1 12. Qxc1 Ng4 13. h3 Nh6 14. Qxh6 Bf5 15. Ng5 Nd7 16. Qxh7#
1-0

[Event "Large KO, Standard Pace"]
[Site "SchemingMind.com"]
[Date "2009.10.14"]
[Round "-"]
[White "Theodoric"]
[Black "sidra"]
[Result "1-0"]
[WhiteCountry "ENG"]
[BlackCountry "HUN"]
[WhiteElo "1976"]
[WhiteRD "68"]
[BlackElo "1650"]
[BlackRD "96"]
[GameID "222703"]

1. e4 e5 2. Nf3 d6 3. d4 exd4 4. Nxd4 a6 5. Bc4 Nf6 6. Nc3 c5 7. Nf3 h6 8. O-O Nc6 9. Re1 Be7 10. Nd5 Nxd5
11. exd5 Na5 12. Be2 b5 13. b3 O-O 14. Be3 Re8 15. c4 b4 16. Bd3 Bg4 17. h3 Bh5 18. Be2 Nb7 19. Qd2 Bg6 20. Bd3 Bxd3
21. Qxd3 Bf6 22. Rad1 Bc3 23. Bd2 Rxe1+ 24. Rxe1 Bxd2 25. Nxd2 a5 26. Re3 Qf6 27. Qb1 Kf8 28. Rf3 Qg5 29. Qh7 Rd8 30. Re3 f6
31. Nf3 Qh5 32. Re6 Qf7 33. Nh4 Qg8 34. Ng6+ Kf7 35. Re7#
1-0

[Event "Large KO, Standard Pace"]
[Site "SchemingMind.com"]
[Date "2009.10.11"]
[Round "-"]
[White "didier"]
[Black "XTC"]
[Result "0-1"]
[WhiteCountry "CHI"]
[BlackCountry "COL"]
[WhiteElo "1341"]
[WhiteRD "145"]
[BlackElo "1679"]
[BlackRD "53"]
[GameID "222704"]

1. e4 e5 2. Nf3 Nc6 3. c3 Nf6 4. d3 d5 5. Be2 dxe4 6. dxe4 Qxd1+ 7. Bxd1 Nxe4 8. Ba4 Bd7 9. Bxc6 Bxc6 10. Nxe5 Bc5
11. Be3 Bxe3 12. fxe3 Nc5 13. Nxc6 bxc6 14. O-O Nd3 15. Na3 Nxb2 16. Rab1 Na4 17. c4 O-O 18. Rb7 Rfc8 19. Nc2 Nc5 20. Rbb1 h6
21. Nd4 Ne4 22. Rfd1 Nc3 23. Nf5 Kf8 24. Re1 Nxb1 25. Rxb1 Rab8 26. Rd1 Rd8 27. Re1 Rd2 28. a4 Rbb2 29. Nh4 g5 30. Nf5 Rxg2+
31. Kf1 Rbf2#
0-1

[Event "Large KO, Standard Pace"]
[Site "SchemingMind.com"]
[Date "2009.10.14"]
[Round "-"]
[White "sidra"]
[Black "Theodoric"]
[Result "0-1"]
[WhiteCountry "HUN"]
[BlackCountry "ENG"]
[WhiteElo "1650"]
[WhiteRD "96"]
[BlackElo "1976"]
[BlackRD "68"]
[GameID "222709"]

1. d4 Nf6 2. c4 c5 3. e3 e6 4. f3 cxd4 5. exd4 Be7 6. a3 O-O 7. Nc3 b6 8. Bd3 d5 9. Nge2 Nc6 10. cxd5 Nxd5
11. Be4 a6 12. O-O Bf6 13. Bxd5 exd5 14. Be3 Be6 15. b4 Ne7 16. Bf2 Nf5 17. Rc1 Bh4 18. Bxh4 Qxh4 19. Qd2 Rfe8 20. Nd1 Bd7
21. g3 Qf6 22. Rc3 Bb5 23. Rf2 Bxe2 24. Rxe2 Nxd4 25. Rxe8+ Rxe8 26. Re3 Nxf3+ 27. Rxf3 Qxf3 28. Nf2 Re2 29. Qxe2 Qxe2 30. a4 Qe1+
31. Kg2 Qxb4 32. Nd3 Qe4+ 33. Kf2 Qxd3 34. h4 d4 35. g4 Qe4
0-1

[Event "Large KO, Standard Pace"]
[Site "SchemingMind.com"]
[Date "2009.10.11"]
[Round "-"]
[White "XTC"]
[Black "didier"]
[Result "1/2-1/2"]
[WhiteCountry "COL"]
[BlackCountry "CHI"]
[WhiteElo "1679"]
[WhiteRD "53"]
[BlackElo "1341"]
[BlackRD "145"]
[GameID "222710"]

1. e4 e5 2. Nf3 d6 3. Bc4 Bg4 4. h3 Bxf3 5. Qxf3 Nf6 6. d3 g6 7. Bg5 Bg7 8. Nc3 O-O 9. Nd5 Nbd7 10. Nxf6+ Bxf6
11. Bxf6 Nxf6 12. O-O a6 13. a4 c6 14. b4 Nh5 15. g3 Qd7 16. Kg2 Rad8 17. c3 Kg7 18. a5 Ra8 19. Bb3 Rab8 20. Ba4 b5
21. axb6 Rxb6 22. Qe3 Rfb8 23. Bd1 Nf6 24. Be2 Qe6 25. Rfb1 a5 26. Rxa5 c5 27. Ra4 Nd7 28. Bg4 Qe7 29. Bxd7 Qxd7 30. Rba1 cxb4
31. cxb4 f6 32. Ra7 R6b7 33. Rxb7 Rxb7 34. Rb1 Rb5 35. d4 Qa7 36. dxe5 Qxe3 37. fxe3 dxe5 38. Kf3 h5 39. h4 g5 40. hxg5 fxg5
41. g4 h4 42. Kg2 Kf6 43. Kh3 Ke6 44. Kg2= Kd6 45. Kh3= Kc6 46. Kg2 Rb6 47. Kh3 Rb7 48. Rb3 Rb6 49. Rb1 Rb5=
1/2-1/2

[Event "Large KO, Standard Pace"]
[Site "SchemingMind.com"]
[Date "2009.10.15"]
[Round "-"]
[White "lame wolf"]
[Black "Siebold"]
[Result "0-1"]
[WhiteCountry "INT"]
[BlackCountry "NED"]
[WhiteElo "1097"]
[WhiteRD "53"]
[BlackElo "1771"]
[BlackRD "84"]
[GameID "222799"]

1. Nf3 Nc6 2. e4 e5 3. d4 exd4 4. Nxd4 Qh4 5. Nxc6 dxc6 6. Be3 Qxe4 7. Nc3 Bb4 8. Qd3 Nf6 9. Qxe4+ Nxe4 10. Bd3 Nxc3
11. O-O O-O 12. bxc3 Bxc3 13. Rad1 Be6 14. f4 Rfe8 15. f5 Bxa2 16. g4 Rxe3 17. Rfe1 Rxe1+
0-1

[Event "Large KO, Standard Pace"]
[Site "SchemingMind.com"]
[Date "2009.10.15"]
[Round "-"]
[White "Siebold"]
[Black "lame wolf"]
[Result "1-0"]
[WhiteCountry "NED"]
[BlackCountry "INT"]
[WhiteElo "1771"]
[WhiteRD "84"]
[BlackElo "1097"]
[BlackRD "53"]
[GameID "222804"]

1. Nc3 g5 2. e4 h6 3. Bc4 Bg7 4. h4 e6 5. hxg5 hxg5 6. Rxh8 Bxh8 7. Qh5 Qf6 8. d3 Qh6 9. Qxg5 Qxg5 10. Bxg5 f6
11. Bd2 d6 12. Nf3 c6 13. O-O-O f5 14. exf5 Bxc3 15. Bxc3 Nh6 16. fxe6 d5 17. Rh1 Nf5 18. Bf6 dxc4 19. Rh8#
1-0

[Event "Large KO, Standard Pace"]
[Site "SchemingMind.com"]
[Date "2009.10.12"]
[Round "-"]
[White "neoliminal"]
[Black "gjttjg"]
[Result "1-0"]
[WhiteCountry "CRC"]
[BlackCountry "USA"]
[WhiteElo "1473"]
[WhiteRD "139"]
[BlackElo "1340"]
[BlackRD "91"]
[GameID "222872"]

1. e4 d5 2. exd5 Qxd5 3. Nc3 Qf5 4. Nf3 e6 5. Bd3 Qc5 6. O-O Bd7 7. a4 Bd6 8. Ne4 Qh5 9. g3 Nh6 10. Nxd6+ cxd6
11. Be2 e5 12. d4 Ng4 13. h4 O-O 14. dxe5 Nxe5 15. Ng5 Bg4 16. Bxg4 Qxg4 17. Qxd6 f6 18. Ne6 Nbd7 19. Qd5 Kh8 20. Nxf8 Rxf8
21. f3 Qc4 22. Qxc4 Nxc4 23. b3 Nce5 24. f4 Ng4 25. Ba3 Rc8 26. c4 h6 27. Rad1 Ne3 28. Rxd7 Nf5 29. Kg2 Ne3+ 30. Kf2 Nc2
31. Be7 Re8 32. Rd8 Rg8 33. Rc1 Nb4 34. Rxg8+ Kxg8 35. Bxb4
1-0

[Event "Large KO, Standard Pace"]
[Site "SchemingMind.com"]
[Date "2009.10.12"]
[Round "-"]
[White "MazetaFighter"]
[Black "spoke"]
[Result "0-1"]
[WhiteCountry "GRE"]
[BlackCountry "GER"]
[WhiteElo "1931"]
[WhiteRD "75"]
[BlackElo "1796"]
[BlackRD "59"]
[GameID "222873"]

1. e4 e5 2. Nf3 Nc6 3. Bb5 Bb4 4. c3 Ba5 5. Bxc6 dxc6 6. Nxe5 Qg5 7. Nf3 Qxg2 8. Rg1 Qh3 9. Rxg7 Bg4 10. Qb3 O-O-O
11. Ne5 Qxh2 12. Nxg4 Qh1+ 13. Ke2 f5 14. Qe6+ Kb8 15. exf5 Qh5 16. d4 Re8 17. Kd3 Rxe6 18. fxe6 Qf5+ 19. Ke2 Qxe6+ 20. Ne5 Nf6
21. Bg5 Ng4 22. Bf4 Nxe5 23. Bxe5 c5 24. Nd2 cxd4 25. cxd4 Bb4 26. Rxc7 Bd6 27. Rc5 b6 28. Rc6 Qg4+ 29. Ke3 Bxe5 30. dxe5 Qg5+
31. f4 Qg3+ 32. Nf3 Rf8 33. Rc4 b5 34. Rb4 a6 35. Rg1 Qh3 36. Rd4 h5 37. Rg6 Kb7 38. a4 Qc8 39. axb5 Qc1+ 40. Ke4 Rxf4+
41. Kd5 Rxf3
0-1

[Event "Large KO, Standard Pace"]
[Site "SchemingMind.com"]
[Date "2009.10.12"]
[Round "-"]
[White "gjttjg"]
[Black "neoliminal"]
[Result "0-1"]
[WhiteCountry "USA"]
[BlackCountry "CRC"]
[WhiteElo "1340"]
[WhiteRD "91"]
[BlackElo "1504"]
[BlackRD "135"]
[GameID "222881"]

1. d4 e6 2. Nf3 c5 3. dxc5 Nf6 4. Be3 Na6 5. Nc3 Nxc5 6. Ng5 Ng4 7. Qd4 f5 8. h3 Nf6 9. b4 Na6 10. a4 Bxb4
11. Bd2 Bc5 12. Qe5 Qb6 13. e3 d6 14. Qg3 g6 15. a5 Qb2 16. Rb1 Qxc2 17. Qf3 Bb4 18. Ra1 Bxc3 19. Qd1 Bxd2+ 20. Qxd2 Qb3
21. Bd3 Nb4 22. Rb1 Nxd3+ 23. Ke2 Qc4 24. Qxd3 Qa2+ 25. Qd2 Qd5 26. Qd4 Ke7 27. Rhc1 Qxa5 28. Rd1 d5 29. f4 b5 30. Qc5+ Kd7
31. Qxb5+ Qxb5+ 32. Rxb5 Ba6 33. Rb1 Bxb5+ 34. Rxb5 Rhb8 35. Rc5 a5 36. Nf3 a4 37. Nd2 a3 38. Rc1 a2 39. Ra1 Rb2 40. h4 Ne4
41. Kd3 Nxd2 42. Kd4 Nb3+ 43. Kc3 Rb1
0-1

[Event "Large KO, Standard Pace"]
[Site "SchemingMind.com"]
[Date "2009.10.12"]
[Round "-"]
[White "spoke"]
[Black "MazetaFighter"]
[Result "0-1"]
[WhiteCountry "GER"]
[BlackCountry "GRE"]
[WhiteElo "1796"]
[WhiteRD "59"]
[BlackElo "1931"]
[BlackRD "75"]
[GameID "222882"]

1. e4 e5 2. Nf3 Nc6 3. Bc4 Bc5 4. d3 Nf6 5. c3 d6 6. b4 Bb6 7. a4 a5 8. b5 Nb8 9. Bg5 Be6 10. Nbd2 Nbd7
11. Bxe6 fxe6 12. d4 h6 13. Be3 Ng4 14. h3 Nxe3 15. fxe3 exd4 16. exd4 O-O 17. Nc4 d5 18. Nxb6 Nxb6 19. e5 Nc4 20. Qe2 Qe7
21. O-O Rf4 22. Nd2 Rxf1+ 23. Nxf1 Qg5 24. Qg4 Qxg4 25. hxg4 Rf8 26. Nh2 g5 27. g3 Nd2 28. Rd1 Nf3+ 29. Kg2 Nxh2 30. Kxh2 Rf2+
31. Kg1 Rf3
0-1

[Event "Large KO, Standard Pace"]
[Site "SchemingMind.com"]
[Date "2009.10.17"]
[Round "-"]
[White "Geomy"]
[Black "griffimv"]
[Result "0-1"]
[WhiteCountry "ENG"]
[BlackCountry "INT"]
[WhiteElo "1842"]
[WhiteRD "101"]
[BlackElo "2288"]
[BlackRD "91"]
[GameID "222959"]

1. d4 Nf6 2. c4 g6 3. Nc3 Bg7 4. e4 d6 5. f3 O-O 6. Be3 c5 7. dxc5 dxc5 8. Qxd8 Rxd8 9. Bxc5 Nc6 10. Nd5 Nd7
11. Nxe7+ Nxe7 12. Bxe7 Bxb2 13. Rb1 Bc3+ 14. Kf2 Bd4+ 15. Ke1 Re8 16. Ba3 f5 17. Ne2 Bc5 18. Bxc5 Nxc5 19. exf5 Bxf5
0-1

[Event "Large KO, Standard Pace"]
[Site "SchemingMind.com"]
[Date "2009.10.13"]
[Round "-"]
[White "cool_dude"]
[Black "lemme howdt"]
[Result "0-1"]
[WhiteCountry "GBR"]
[BlackCountry "USA"]
[WhiteElo "1281"]
[WhiteRD "94"]
[BlackElo "1708"]
[BlackRD "99"]
[GameID "222960"]

1. d4 d5 2. c4 c6 3. Nc3 dxc4 4. a4 Bf5 5. e3 e6 6. Bxc4 Bb4 7. Bd2 Nf6 8. Qb3 a5 9. Nf3 Nbd7 10. O-O O-O
11. Rad1 Bg4 12. Be2 Rc8 13. h3 Bxf3 14. Bxf3 Qc7
0-1

[Event "Large KO, Standard Pace"]
[Site "SchemingMind.com"]
[Date "2009.10.13"]
[Round "-"]
[White "kynoceros"]
[Black "Ilang"]
[Result "0-1"]
[WhiteCountry "USA"]
[BlackCountry "HUN"]
[WhiteElo "1686"]
[WhiteRD "104"]
[BlackElo "2416"]
[BlackRD "103"]
[GameID "222961"]

1. e4 e5 2. Nf3 Nc6 3. Bb5 a6 4. Ba4 Nf6 5. O-O Be7 6. Re1 b5 7. Bb3 O-O 8. c3 d5 9. exd5 Nxd5 10. Nxe5 Nxe5
11. Rxe5 c6 12. d4 Bd6 13. Re1 Qc7 14. g3 Bf5 15. c4 bxc4 16. Bxc4 Rae8 17. Nc3 Nb4 18. Bb3 Bc2 19. Bxc2 Rxe1+ 20. Qxe1 Nxc2
21. Qd1 Nxa1 22. Be3 f5 23. Qxa1 f4 24. Bd2 fxg3 25. hxg3 Bxg3 26. fxg3 Qxg3+ 27. Kh1 Rf2
0-1

[Event "Large KO, Standard Pace"]
[Site "SchemingMind.com"]
[Date "2009.10.13"]
[Round "-"]
[White "waldron"]
[Black "andu"]
[Result "1/2-1/2"]
[WhiteCountry "USA"]
[BlackCountry "AUT"]
[WhiteElo "2245"]
[WhiteRD "64"]
[BlackElo "2124"]
[BlackRD "50"]
[GameID "222962"]

1. c4 Nf6 2. g3 e5 3. Bg2 c6 4. d4 exd4 5. Qxd4 d5 6. cxd5 cxd5 7. Nf3 Nc6 8. Qa4 Be7 9. O-O O-O 10. Be3 Ng4
11. Bf4 Qb6 12. Nc3 Rd8 13. Nb5 a6 14. Nc7 Ra7 15. Qb3 Bc5 16. Qxb6 Bxb6 17. Rad1 Nf6 18. Rd3 Bf5 19. Rb3 Bc5 20. Rc3 b6
21. a3 Nh5 22. b4 Nxf4 23. gxf4 Rxc7 24. bxc5 Ne7 25. Rfc1 d4 26. Rc4 Rxc5 27. Rxc5 bxc5 28. Nd2 Rc8 29. Nb3 Ng6 30. Rxc5 Rxc5
31. Nxc5 Nxf4 32. Bf1 Kf8 33. Nxa6=
1/2-1/2

[Event "Large KO, Standard Pace"]
[Site "SchemingMind.com"]
[Date "2009.10.17"]
[Round "-"]
[White "griffimv"]
[Black "Geomy"]
[Result "1-0"]
[WhiteCountry "INT"]
[BlackCountry "ENG"]
[WhiteElo "2288"]
[WhiteRD "91"]
[BlackElo "1842"]
[BlackRD "101"]
[GameID "222969"]

1. e4 d5 2. exd5 Qxd5 3. Nc3 Qa5 4. d4 Nf6 5. Nf3 c6 6. Bc4 Bf5 7. Bd2 e6 8. Nd5 Qd8 9. Nxf6+ Qxf6 10. Qe2 Qd8
11. O-O-O Nd7 12. d5 cxd5 13. Bxd5 Qc7 14. Nd4 Bg6 15. Bc3 Nf6 16. Qb5+
1-0

[Event "Large KO, Standard Pace"]
[Site "SchemingMind.com"]
[Date "2009.10.13"]
[Round "-"]
[White "lemme howdt"]
[Black "cool_dude"]
[Result "1-0"]
[WhiteCountry "USA"]
[BlackCountry "GBR"]
[WhiteElo "1708"]
[WhiteRD "99"]
[BlackElo "1281"]
[BlackRD "94"]
[GameID "222970"]

1. e4 e5 2. Nf3 d6 3. Bc4 Be7 4. c3 Nf6 5. d3 Bg4 6. h3 Bh5 7. Bg5 O-O 8. g4 Bg6 9. Qb3 Qc8 10. Nbd2 Nc6
11. O-O-O Na5 12. Qa4 Nxc4 13. dxc4 Re8 14. Bxf6
1-0

[Event "Large KO, Standard Pace"]
[Site "SchemingMind.com"]
[Date "2009.10.13"]
[Round "-"]
[White "Ilang"]
[Black "kynoceros"]
[Result "1-0"]
[WhiteCountry "HUN"]
[BlackCountry "USA"]
[WhiteElo "2416"]
[WhiteRD "103"]
[BlackElo "1686"]
[BlackRD "104"]
[GameID "222971"]

1. e4 e5 2. Nf3 Nf6 3. d4 Nxe4 4. Bd3 d5 5. Nxe5 Nd7 6. Nxd7 Bxd7 7. O-O Bd6 8. c4 c6 9. cxd5 cxd5 10. Nc3 Nxc3
11. bxc3 O-O 12. Qh5 g6 13. Qxd5 Qc7 14. Bh6 Rfe8 15. h3 Be6 16. Qg5 Qxc3 17. Rfd1 Bf8 18. Bxf8 Kxf8 19. Rac1 Qb4 20. d5 Bd7
21. Qf6 Kg8 22. Rc7 Re7 23. Bb5 Re1+ 24. Rxe1 Qxe1+ 25. Kh2 Bxb5 26. Qxf7+
1-0

[Event "Large KO, Standard Pace"]
[Site "SchemingMind.com"]
[Date "2009.10.13"]
[Round "-"]
[White "andu"]
[Black "waldron"]
[Result "0-1"]
[WhiteCountry "AUT"]
[BlackCountry "USA"]
[WhiteElo "2124"]
[WhiteRD "50"]
[BlackElo "2245"]
[BlackRD "64"]
[GameID "222972"]

1. e4 c6 2. d4 d5 3. Nc3 dxe4 4. Nxe4 Bf5 5. Ng3 Bg6 6. h4 h6 7. Nf3 Nd7 8. h5 Bh7 9. Bd3 Bxd3 10. Qxd3 e6
11. Bf4 Qa5+ 12. Bd2 Qc7 13. O-O-O Ngf6 14. Kb1 O-O-O 15. c4 c5 16. Ne2 Ng4 17. Be3 Ndf6 18. Qb3 a6 19. Nc3 cxd4 20. Nxd4 Be7
21. Na4 Kb8 22. Ka1 Nxe3 23. fxe3 Ng4 24. Rhf1 Rhf8 25. c5 Bg5 26. Rde1 Bxe3 27. Rxe3 Rxd4 28. Rxe6 Rfd8 29. Ree1 Ne5 30. Rd1 Nd3
31. Qc3 Qc6 32. b3 Qxg2 33. c6 Qxc6 34. Qxc6 bxc6 35. Rxf7 R4d7 36. Rxd7 Rxd7 37. Nb6= Rd4 38. Kb1 Kc7 39. Nc4 Rd7 40. Rf1 Re7
41. a3 Nc5 42. Kc2 Ne4 43. Re1 Re6 44. Rg1 Ng5 45. Rf1 Re2+ 46. Kc3 Rh2 47. Re1 Kd8 48. Rd1+ Ke7 49. Ne5 c5 50. Ng6+ Ke6
51. Re1+ Kd6 52. Rd1+ Kc7 53. Rd5 Rh3+ 54. Kb2 Ne6 55. b4 c4 56. Ne5 Rxh5 57. Kc3 Rg5 58. Kxc4 h5 59. Nf3 Rg4+ 60. Kc3 Rg3
0-1

[Event "Large KO, Standard Pace"]
[Site "SchemingMind.com"]
[Date "2009.11.01"]
[Round "-"]
[White "THart"]
[Black "calipo"]
[Result "0-1"]
[WhiteCountry "USA"]
[BlackCountry "ARG"]
[WhiteElo "1736"]
[WhiteRD "78"]
[BlackElo "2455"]
[BlackRD "91"]
[GameID "225056"]

1. d4 Nc6 2. e3 d5 3. Nf3 Bg4 4. Nbd2 Nf6 5. h3 Bh5 6. Bb5 a6 7. Bxc6+ bxc6 8. O-O e6 9. Re1 a5 10. e4 Be7
11. e5 Nd7 12. g4 Bg6 13. Nh2 c5 14. Ndf3 h5 15. g5 O-O 16. c3 Rc8 17. h4 cxd4 18. cxd4 c5 19. Be3 Qb6 20. Re2 cxd4
21. Bxd4 Bc5 22. a3 Be4 23. Qa4 Bxd4 24. Nxd4 Nxe5 25. f3 Bd3 26. Rxe5 Qxb2 27. Ree1 e5 28. Nb3 Rc2
0-1

[Event "Large KO, Standard Pace"]
[Site "SchemingMind.com"]
[Date "2009.11.02"]
[Round "-"]
[White "calipo"]
[Black "THart"]
[Result "1-0"]
[WhiteCountry "ARG"]
[BlackCountry "USA"]
[WhiteElo "2455"]
[WhiteRD "91"]
[BlackElo "1736"]
[BlackRD "78"]
[GameID "225064"]

1. e4 d6 2. d4 Nf6 3. Nc3 Nc6 4. Nf3 Bg4 5. Be3 e5 6. Bb5 Bd7 7. dxe5 Nxe5 8. Bxd7+ Qxd7 9. Qe2 Be7 10. O-O-O Qc6
11. Bd4 Nxf3 12. gxf3 O-O-O 13. Rhg1 g6 14. Bxf6 Bxf6 15. Nd5 Bh4 16. Rg4 Qa4 17. Nc3 Qa5 18. Rd5 Qb6 19. Rxh4 a6 20. Qe3 Qxe3+
21. fxe3 b5 22. e5 h5 23. Rf4 Rd7 24. exd6 cxd6 25. Rfd4 Rhd8 26. a4 b4 27. Ne4 Kc7 28. Rxb4
1-0

[Event "Large KO, Standard Pace"]
[Site "SchemingMind.com"]
[Date "2009.11.24"]
[Round "-"]
[White "Siebold"]
[Black "TONYTODD11"]
[Result "1-0"]
[WhiteCountry "NED"]
[BlackCountry "ENG"]
[WhiteElo "1801"]
[WhiteRD "85"]
[BlackElo "1477"]
[BlackRD "82"]
[GameID "227905"]

1. Nc3 e5 2. Nf3 Nc6 3. d4 exd4 4. Nxd4 Nxd4 5. Qxd4 Nf6 6. Bg5 Be7 7. O-O-O Nh5 8. Qe4 d6 9. Nd5 f6 10. Bh4 g5
11. Bg3 Ng7 12. Nxf6+ Kf7 13. Nd5 Re8 14. e3 Bf6 15. Qb4 Re6 16. Bc4 Kf8 17. h4 Re4 18. hxg5 a6 19. Nxf6 c5 20. Nxe4 cxb4
21. Bxd6+ Qe7 22. Rxh7 Nf5 23. Bxe7+
1-0

[Event "Large KO, Standard Pace"]
[Site "SchemingMind.com"]
[Date "2009.11.26"]
[Round "-"]
[White "TONYTODD11"]
[Black "Siebold"]
[Result "0-1"]
[WhiteCountry "ENG"]
[BlackCountry "NED"]
[WhiteElo "1477"]
[WhiteRD "82"]
[BlackElo "1801"]
[BlackRD "85"]
[GameID "227913"]

1. e4 Nc6 2. d4 e5 3. Nf3 exd4 4. Nxd4 Qh4 5. Nxc6 dxc6 6. Nc3 Bb4 7. Bd3 Nf6 8. h3 Bg4 9. g3 Qh5 10. Be2 Rd8
11. Bd2 Rxd2 12. Qxd2 O-O 13. O-O-O Bxc3 14. bxc3 Bxe2 15. Rde1 Bc4 16. g4 Qa5 17. Kd1 Qxa2 18. Qd4 c5 19. Qd2 Qa1+
0-1